Off My Mind - Radio Company - All Lyrics - Statistics

General Stats
  • This quiz has been taken 6 times
  • The average score is 113 of 173
Answer Stats
Answer % Correct
mind
100%
mind)
100%
my
100%
off
100%
a
75%
and
75%
bed
75%
bed)
75%
do
75%
do,
75%
get
75%
how
75%
How
75%
(How
75%
I
75%
in
75%
Oh,
75%
the
75%
you
75%
You
75%
All
50%
all
50%
back
50%
can
50%
Can’t
50%
Can't
50%
for
50%
have
50%
head
50%
head)
50%
inside
50%
is
50%
it
50%
kiss
50%
not
50%
on
50%
so
50%
So,
50%
some
50%
we
50%
were
50%
what
50%
With
50%
with
50%
(With
50%
wouldn't
50%
your
50%
awake
25%
Blame
25%
But
25%
deciding
25%
forsaken
25%
gotta
25%
lean
25%
living
25%
(Living
25%
long
25%
new
25%
nothing
25%
only
25%
put
25%
realize
25%
remedy's
25%
shoulder
25%
something
25%
stay
25%
together
25%
Trade
25%
true
25%
upon
25%
way
25%
While
25%
No matching quizzes found
Score Distribution
Percent of People with Each Score
Percentile by Number Answered
Your Score History
You have not taken this quiz